000
00236nam a22000977a 4500
999
_c
521409
_d
521409
082
_a
TNC Q31 Az37
100
_a
Aziz, Abdul
_9
35213
245
_a
Urban Poor and Urban Informal Sector
260
_a
New delhi
_b
Ashish
_c
1984
300
_a
143p.